Statistics for Which Foreign Language is Included in the Song Lyrics?

Click here to take the quiz!

General Stats

  • This quiz has been taken 193 times
  • The average score is 10 of 15

Answer Stats

ArtistSongForeign Language% Correct
PsyGangnam StyleKorean
97%
ShakiraHips Don't LieSpanish
87%
Los Del RioMacarenaSpanish
86%
Ritchie ValensLa BambaSpanish
84%
PitbullI Know You Want MeSpanish
79%
Dean MartinVolareItalian
77%
Christina Aguilera, Lil' Kim, Mya, P!nkLady MarmaladeFrench
74%
Lady GagaBad RomanceFrench
73%
Nena99 Red BalloonsGerman
70%
Ricchi e PoveriChe saràItalian
70%
FalcoRock Me AmadeusGerman
64%
Astrud Gilberto, Stan GetzThe Girl From IpanemaPortuguese
49%
StyxMr. RobotoJapanese
39%
BeckLoserSpanish
30%
ShakiraWaka WakaFang
2%

Score Distribution

Percentile by Number Answered

Percent of People with Each Score

Your Score History

You have not taken this quiz